[Event "GER-ch Net qual4 U14"]
[Site "Playchess.com INT"]
[Date "2012.09.12"]
[Round "3"]
[White "Hauesler, Luis"]
[Black "Wastian, Jan"]
[Result "0-1"]
[WhiteElo "1411"]
[BlackElo "1479"]
[PlyCount "116"]
[EventDate "2012.09.12"]
[EventType "swiss (blitz)"]
[EventRounds "7"]
[EventCountry "GER"]
[SourceTitle "CBM 150 Extra"]
[Source "ChessBase"]
[SourceDate "2012.10.19"]
[SourceVersion "1"]
[SourceVersionDate "2012.10.19"]
[SourceQuality "1"]

1. e4 c6 2. d4 d5 3. Nc3 dxe4 4. Nxe4 Nd7 5. Nf3 Ngf6 6. Ng3 e6 7. Be3 Be7 8. Qd2 0-0 9. c3 c5 10. Be2 cxd4 11. Bxd4 b6 12. 0-0 Bb7 13. Rad1 Qc7 14. Bxf6 Nxf6 15. Nd4 Rfd8 16. Qe3 Nd5 17. Qd3 Nf4 18. Qe3 Bxg2 19. Rfe1 Nxe2+ 20. Qxe2 Bb7 21. Nb5 Qc6 22. Rxd8+ Rxd8 23. Qe4 Qxe4 24. Nxe4 h6 25. Ng3 Rd2 26. Re2 Rxe2 27. Nxe2 Bd5 28. a3 Bc4 29. Ned4 e5 30. Nc6 Bxb5 31. Nxe7+ Kf8 32. Nd5 Bc4 33. Ne3 Be6 34. Kg2 Ke7 35. Kf3 Kd6 36. Ke4 f6 37. b4 g6 38. f4 f5+ 39. Kf3 e4+ 40. Ke2 g5 41. fxg5 hxg5 42. Kf2 Ke5 43. Ng2 f4 44. Ke2 f3+ 45. Kf2 fxg2 46. Kxg2 Bg4 47. Kf2 Kf4 48. Ke1 e3 49. Kf1 Kf3 50. Ke1 e2 51. Kd2 Kf2 52. Kd3 e1Q 53. Kd4 Kf3 54. Kd5 Qe4+ 55. Kd6 Kf4 56. Kc7 Ke5 57. Kd8 Kd6 58. c4 Qa8# 0-1

[Event "GER-ch Net qual4 U14"]
[Site "Playchess.com INT"]
[Date "2012.09.12"]
[Round "1"]
[White "Kartsev, Nikolaj"]
[Black "Hauesler, Luis"]
[Result "1-0"]
[WhiteElo "1818"]
[BlackElo "1411"]
[PlyCount "137"]
[EventDate "2012.09.12"]
[EventType "swiss (blitz)"]
[EventRounds "7"]
[EventCountry "GER"]
[SourceTitle "CBM 150 Extra"]
[Source "ChessBase"]
[SourceDate "2012.10.19"]
[SourceVersion "1"]
[SourceVersionDate "2012.10.19"]
[SourceQuality "1"]

1. e4 c5 2. Nf3 d6 3. d4 cxd4 4. Nxd4 Nf6 5. Nc3 g6 6. Bc4 Bg7 7. f3 0-0 8. Be3 Nc6 9. Qd2 Bd7 10. 0-0-0 Qa5 11. Kb1 Ne5 12. Bb3 a6 13. h4 b5 14. Nd5 Qxd2 15. Nxe7+ Kh8 16. Rxd2 Rfe8 17. Nxg6+ fxg6 18. Ne2 Rac8 19. Rxd6 Nc4 20. Bxc4 Rxc4 21. Bd4 Re6 22. Rxe6 Bxe6 23. g4 Nd7 24. Bxg7+ Kxg7 25. h5 Ne5 26. b3 Rb4 27. a3 Nxf3 28. axb4 Nd2+ 29. Kb2 Nxe4 30. hxg6 hxg6 31. Rg1 Kf6 32. Nd4 Ke5 33. Nxe6 Kxe6 34. Re1 Ke5 35. c4 bxc4 36. bxc4 Kd4 37. Rxe4+ Kxe4 38. b5 axb5 39. cxb5 Kd5 40. Kc3 Kc5 41. b6 Kxb6 42. Kd4 Kc6 43. Ke5 Kd7 44. Kf6 Ke8 45. Kxg6 Kf8 46. Kh7 Kf7 47. g5 Ke6 48. g6 Kd5 49. g7 Kd4 50. g8Q Ke4 51. Kg6 Ke5 52. Qf7 Ke4 53. Kg5 Kd4 54. Qf5 Ke3 55. Kg4 Kd4 56. Qf4+ Kd3 57. Kf3 Kc3 58. Qe3+ Kc4 59. Ke4 Kb5 60. Qd4 Kc6 61. Ke5 Kb5 62. Qd5+ Kb4 63. Kd4 Ka3 64. Qc4 Kb2 65. Kd3 Ka3 66. Qb5 Ka2 67. Qb4 Ka1 68. Kc2 Ka2 69. Qb2# 1-0